000 01020nam a2200253 i 4500
001 42223
003 ES-MaACL
005 20250923160913.0
007 t|
008 030313s1943 sp ||||1| spa d
245 0 0 _aHistoria general /
_cdirigida por Alberto del Castillo.
260 _aBarcelona :
_bApolo,
_c[1943] (
_fTip. "La Académica")
300 _a3 v. ;
_c20 cm.
490 1 _aManuales de iniciación Apolo
505 8 _aContiene: I. Tiempos antiguos: Prehistoria, Oriente, Grecia / por Salvador Espriu ; Roma / por Enrique Bagué - II. Tiempos medios / por Alberto del Castillo - III. Tiempos modernos / por J. Vicens Vives
650 7 _aHistoria universal
_2embne
_913429
700 1 _aEspriu, Salvador,
_d1913-1985
_947947
700 1 _aBagué, Enric,
_d1900-1987
_9161547
700 1 _aCastillo, Alberto del.
_936670
700 1 _aVicens Vives, Jaime,
_d1910-1960
_9114319
830 1 _aManuales de iniciación Apolo
_9182718
852 _aES-MaACL
_jF-14047-49
999 _c42223
_d42223